<?xml version="1.0" encoding="UTF-8"?>
<record
    xmlns:xsi="http://www.w3.org/2001/XMLSchema-instance"
    xsi:schemaLocation="http://www.loc.gov/MARC21/slim http://www.loc.gov/standards/marcxml/schema/MARC21slim.xsd"
    xmlns="http://www.loc.gov/MARC21/slim">

  <leader>00752nam a22001937a 4500</leader>
  <controlfield tag="008">230313b        |||||||| |||| 00| 0 eng d</controlfield>
  <datafield tag="040" ind1=" " ind2=" ">
    <subfield code="a">National Science Library</subfield>
    <subfield code="c">National Science Library</subfield>
  </datafield>
  <datafield tag="080" ind1=" " ind2=" ">
    <subfield code="a">D 026+002.6(71+72)</subfield>
    <subfield code="b">K3</subfield>
  </datafield>
  <datafield tag="245" ind1=" " ind2=" ">
    <subfield code="a">Directory of special libraries and information centres</subfield>
  </datafield>
  <datafield tag="250" ind1=" " ind2=" ">
    <subfield code="a">9th ed.</subfield>
  </datafield>
  <datafield tag="260" ind1=" " ind2=" ">
    <subfield code="a">Detroit: </subfield>
    <subfield code="b">Gale Research Company, </subfield>
    <subfield code="c">1985</subfield>
  </datafield>
  <datafield tag="300" ind1=" " ind2=" ">
    <subfield code="a">ix, 836p. </subfield>
  </datafield>
  <datafield tag="500" ind1=" " ind2=" ">
    <subfield code="a">Vol.1 (Part 1 A-N); ISBN: 0-8103-1888-1; xv, 899p. 
Vol.1 (Part 2 O-Z); ISBN: 0-8103-1888-1; xiii, 1735p. 
Vol.2 (Geographic and personnel indexes); ISBN: 0-8103-1889-X; ix, 876p. 
</subfield>
  </datafield>
  <datafield tag="650" ind1=" " ind2=" ">
    <subfield code="a">Library science</subfield>
  </datafield>
  <datafield tag="653" ind1=" " ind2=" ">
    <subfield code="a">Special libraries</subfield>
  </datafield>
  <datafield tag="653" ind1=" " ind2=" ">
    <subfield code="a">Information</subfield>
  </datafield>
  <datafield tag="700" ind1="1" ind2="0">
    <subfield code="a">Darnay, Brigitte T (Ed.)</subfield>
  </datafield>
  <datafield tag="942" ind1=" " ind2=" ">
    <subfield code="2">udc</subfield>
    <subfield code="c">DIR</subfield>
  </datafield>
  <datafield tag="999" ind1=" " ind2=" ">
    <subfield code="c">8078</subfield>
    <subfield code="d">8078</subfield>
  </datafield>
  <datafield tag="952" ind1=" " ind2=" ">
    <subfield code="0">0</subfield>
    <subfield code="1">0</subfield>
    <subfield code="2">udc</subfield>
    <subfield code="4">0</subfield>
    <subfield code="6">D_02600267172_K3</subfield>
    <subfield code="7">0</subfield>
    <subfield code="9">11888</subfield>
    <subfield code="a">NSL</subfield>
    <subfield code="b">NSL</subfield>
    <subfield code="c">GF/Rk-2/C-20/R-4</subfield>
    <subfield code="d">1985-11-13</subfield>
    <subfield code="h">Vol.2, 1985</subfield>
    <subfield code="l">0</subfield>
    <subfield code="o">D 026+002.6(71+72) K3</subfield>
    <subfield code="p">167039</subfield>
    <subfield code="r">2023-03-13 00:00:00</subfield>
    <subfield code="w">2023-03-13</subfield>
    <subfield code="y">DIR</subfield>
  </datafield>
  <datafield tag="952" ind1=" " ind2=" ">
    <subfield code="0">0</subfield>
    <subfield code="1">0</subfield>
    <subfield code="2">udc</subfield>
    <subfield code="4">0</subfield>
    <subfield code="6">D_02600267172_K3</subfield>
    <subfield code="7">0</subfield>
    <subfield code="9">11889</subfield>
    <subfield code="a">NSL</subfield>
    <subfield code="b">NSL</subfield>
    <subfield code="c">GF/Rk-2/C-20/R-4</subfield>
    <subfield code="d">1985-11-13</subfield>
    <subfield code="h">Vol.1, 1985</subfield>
    <subfield code="l">0</subfield>
    <subfield code="o">D 026+002.6(71+72) K3</subfield>
    <subfield code="p">167037</subfield>
    <subfield code="r">2023-03-13 00:00:00</subfield>
    <subfield code="w">2023-03-13</subfield>
    <subfield code="y">DIR</subfield>
  </datafield>
  <datafield tag="952" ind1=" " ind2=" ">
    <subfield code="0">0</subfield>
    <subfield code="1">0</subfield>
    <subfield code="2">udc</subfield>
    <subfield code="4">0</subfield>
    <subfield code="6">D_02600267172_K3</subfield>
    <subfield code="7">0</subfield>
    <subfield code="9">11890</subfield>
    <subfield code="a">NSL</subfield>
    <subfield code="b">NSL</subfield>
    <subfield code="c">GF/Rk-2/C-20/R-4</subfield>
    <subfield code="d">1985-11-13</subfield>
    <subfield code="h">Vol.1, 1985</subfield>
    <subfield code="l">0</subfield>
    <subfield code="o">D 026+002.6(71+72) K3</subfield>
    <subfield code="p">167038</subfield>
    <subfield code="r">2023-03-13 00:00:00</subfield>
    <subfield code="w">2023-03-13</subfield>
    <subfield code="y">DIR</subfield>
  </datafield>
</record>
